[Event "Titled Tuesday intern op 17th April"]
[Site "Chess.com INT"]
[Date "2018.04.17"]
[Round "7"]
[White "Storey, Charles"]
[Black "Esedli, Vugar"]
[Result "0-1"]
[WhiteElo "2239"]
[BlackElo "2169"]
[PlyCount "90"]
[EventDate "2018.04.17"]
[EventType "swiss (blitz)"]
[EventRounds "10"]
[EventCountry "USA"]
[SourceTitle "EXT 2021"]
[Source "ChessBase"]
[SourceDate "2020.10.23"]
[SourceVersion "1"]
[SourceVersionDate "2020.10.23"]
[SourceQuality "1"]

1. e4 e5 2. Nf3 Nf6 3. Nxe5 d6 4. Nf3 Nxe4 5. Nc3 Nxc3 6. dxc3 Be7 7. Bf4 Nd7 8. Qd2 Nc5 9. 0-0-0 0-0 10. Be3 Be6 11. Bxc5 dxc5 12. Qxd8 Raxd8 13. Rxd8 Rxd8 14. c4 Bf6 15. Be2 g6 16. b3 Kg7 17. Bd3 h5 18. h3 b6 19. Re1 a5 20. a4 Kf8 21. Bxg6 Bxh3 22. Bxf7 Bxg2 23. Bxh5 Bg7 24. Nh4 Bh6+ 25. Kb2 Bh3 26. f4 Rd2 27. Re8+ Kg7 28. Re7+ Kg8 29. f5 Bg7+ 30. Kc1 Rh2 31. Re8+ Kh7 32. Bg6+ Kh6 33. Nf3 Rh1+ 34. Kd2 Bg4 35. Ne5 Rd1+ 36. Ke3 Kg5 37. Nf3+ Bxf3 38. Kxf3 Rd2 39. Rc8 Rxc2 40. Rxc7 Rc3+ 41. Ke4 Bd4 42. Rh7 Rxb3 43. Rh5+ Kg4 44. Rh7 Rb4 45. Kd5 Rxa4 0-1